220+ Countries and Territories - Statistics

General Stats
  • This quiz has been taken 2,289 times
  • The average score is 154 of 227
Answer Stats
Answer % Correct
United States
87%
Canada
86%
Mexico
82%
United Kingdom
81%
France
79%
Argentina
78%
Russia
78%
Afghanistan
77%
Andorra
77%
Algeria
76%
Australia
76%
Belize
76%
Brazil
76%
Chile
76%
China
76%
Dominican Republic
76%
Finland
76%
Germany
76%
Norway
76%
Spain
76%
Sweden
76%
Albania
75%
Austria
75%
Costa Rica
75%
Guatemala
75%
India
75%
Ireland
75%
Japan
75%
Portugal
75%
Angola
74%
Antigua and Barbuda
74%
Armenia
74%
Bolivia
74%
Colombia
74%
Denmark
74%
Honduras
74%
North Korea
74%
Panama
74%
Samoa
74%
South Korea
74%
Cuba
73%
Dominica
73%
Egypt
73%
Guyana
73%
Iceland
73%
Indonesia
73%
Iran
73%
Iraq
73%
Israel
73%
Latvia
73%
Lithuania
73%
Nicaragua
73%
Niger
73%
Pakistan
73%
Paraguay
73%
Ukraine
73%
Uruguay
73%
Venezuela
73%
Azerbaijan
72%
Belgium
72%
Ecuador
72%
El Salvador
72%
Estonia
72%
Guinea
72%
Haiti
72%
Italy
72%
Laos
72%
Nigeria
72%
Oman
72%
Poland
72%
Saudi Arabia
72%
Slovenia
72%
South Africa
72%
The Bahamas
72%
Yemen
72%
Bhutan
71%
Cambodia
71%
Croatia
71%
Czech Republic
71%
Greece
71%
Hungary
71%
Jamaica
71%
Netherlands
71%
Peru
71%
Qatar
71%
Romania
71%
Slovakia
71%
South Sudan
71%
Sudan
71%
Suriname
71%
Switzerland
71%
Turkey
71%
Turkmenistan
71%
United Arab Emirates
71%
Uzbekistan
71%
Vatican City
71%
Vietnam
71%
Barbados
70%
Belarus
70%
Bosnia and Herzegovina
70%
Bulgaria
70%
Eswatini
70%
Kosovo
70%
Lesotho
70%
Libya
70%
Luxembourg
70%
Mongolia
70%
Morocco
70%
New Zealand
70%
Palestine
70%
Saint Vincent and the Grenadines
70%
Somalia
70%
Togo
70%
Zambia
70%
Zimbabwe
70%
Bahrain
69%
Brunei
69%
Chad
69%
Cyprus
69%
Georgia
69%
Malaysia
69%
Mali
69%
Moldova
69%
Nepal
69%
San Marino
69%
Serbia
69%
Singapore
69%
Thailand
69%
Trinidad and Tobago
69%
Tunisia
69%
Benin
68%
Central African Republic
68%
Ghana
68%
Greenland
68%
Jordan
68%
Kazakhstan
68%
Kenya
68%
Kuwait
68%
Monaco
68%
Montenegro
68%
Namibia
68%
Republic of the Congo
68%
Syria
68%
Tajikistan
68%
Bangladesh
67%
Botswana
67%
Burundi
67%
Eritrea
67%
Ethiopia
67%
Fiji
67%
Guinea-Bissau
67%
Lebanon
67%
Marshall Islands
67%
Myanmar
67%
North Macedonia
67%
Rwanda
67%
Saint Kitts and Nevis
67%
Taiwan
67%
The Gambia
67%
Comoros
66%
Djibouti
66%
Equatorial Guinea
66%
Grenada
66%
Ivory Coast
66%
Kyrgyzstan
66%
Liechtenstein
66%
Malta
66%
Mozambique
66%
Palau
66%
Papua New Guinea
66%
Senegal
66%
Tonga
66%
East Timor
65%
Liberia
65%
Madagascar
65%
Maldives
65%
Mauritania
65%
Nauru
65%
Seychelles
65%
Tanzania
65%
Tuvalu
65%
American Samoa
64%
Cameroon
64%
Cape Verde
64%
Gabon
64%
Mauritius
64%
Sri Lanka
64%
Uganda
64%
Vanuatu
64%
Kiribati
63%
Solomon Islands
63%
The Federated States of Micronesia
63%
US Virgin Islands
63%
Aruba
62%
Burkina Faso
62%
Malawi
62%
São Tomé and Príncipe
62%
Sierra Leone
62%
Philippines
61%
Puerto Rico
61%
Saint Lucia
61%
Democratic Republic of the Congo
58%
Guam
58%
Western Sahara
58%
British Virgin Islands
57%
French Polynesia
56%
Cayman Islands
54%
Curaçao
53%
Somaliland
52%
Anguilla
51%
Cook Islands
51%
Martinique
51%
New Caledonia
51%
Niue
49%
Turks and Caicos Islands
49%
Abkhazia
48%
South Ossetia
48%
Bonaire
47%
Guadeloupe
47%
Montserrat
46%
Northern Mariana Islands
45%
Pitcairn Islands
42%
Tokelau
41%
Transnistria
40%
Wallis and Futuna
40%
Artsakh
33%
Northern Cyprus
30%
No matching quizzes found
Score Distribution
Percent of People with Each Score
Percentile by Number Answered
Your Score History
You have not taken this quiz